000 01965cam a22005414i 4500
003 PE-LiUPU
005 20250731180120.0
008 150616s r 000 0 d
020 _a8425417090
035 _a(Sirsi) i9788425417092
040 _aPE-LiUPU
_bspa
_cPE-LiUPU
_erda
049 _aPRUA
082 0 4 _a515.64
_bR52
_221
100 1 _aRiba I Lloret, M. Dolors,
_eautor.
245 1 0 _aModelo lineal de análisis de la variancia /
_cMª Dolors Riba i Lloret.
264 1 _aBarcelona :
_bHerder,
_c1990.
300 _a320 páginas :
_bilustraciones cuadros, diagrs. ;
_c27 centímetros
336 _atext
_2rdacontent
337 _aunmediated
_2rdamedia
338 _avolume
_2rdacarrier
490 0 _aMonografías de bioestadística y psicología matemática ;
_v8
504 _aIncluye bibliografía.
505 0 _aAnálisis de la variancia unifactorial -- Diseños factoriales -- Condiciones de aplicación del análisis de la variancia -- Diseños de medidas repetidas -- Análisis multivariante de la variancia -- Aplicación del sistema SPSS para realizar el análisis.
526 _aSEG44
526 _aSEG26
526 _aP159
526 _aP155
526 _aP154
526 _aP153
526 _aP150
526 _aP100
526 _aP31
526 _aP30
526 _aP26
526 _aP25
526 _aP24
526 _aP22
526 _aP15
526 _aP10
650 0 4 _aInvestigación científica
_xMétodos estadísticos.
910 _ajck
_bjvq
_cjck
942 _2ddc
_cBOOK
949 _a515.64 R52
_wDEWEY
_c1
_i31362
_lCCODEBUL1
_mBUL
_r0
_sY
_tBOOK
_u2015-6-16
_xEDUCACION
_PP20
_0COMPRA
_o.STAFF. Colección General
994 _aC0
_bPEPRU
596 _a1
999 _a515.64 R52
_wDEWEY
_c34003
_i31362
_f2021-11-5
_g5
_lCCODEBUL1
_mBUL
_r0
_sY
_tBOOK
_u2015-6-16
_xBIBLIOTECA
_PP20
_0COMPRA
_o.STAFF. Colección General
_d34003
980 _81
_gALBERTO SANCHEZ Responsable de Automatización